[Event "Hessen-ch U12"]
[Site "Bad Homburg"]
[Date "2015.04.01"]
[Round "4"]
[White "Beutel, Nico"]
[Black "Effenberger, Luke"]
[Result "0-1"]
[WhiteElo "791"]
[BlackElo "914"]
[PlyCount "100"]
[EventDate "2015.03.30"]
[EventType "swiss"]
[EventRounds "9"]
[EventCountry "GER"]
[SourceTitle "EXT 2017"]
[Source "ChessBase"]
[SourceDate "2016.10.25"]
[SourceVersion "1"]
[SourceVersionDate "2016.10.25"]
[SourceQuality "1"]

1. d4 d5 2. c4 dxc4 3. e3 b5 4. Nc3 a6 5. Nf3 Nf6 6. b3 cxb3 7. axb3 c6 8. Ne5 Bd7 9. Be2 e6 10. Bh5 g6 11. Bg4 Nxg4 12. Nxg4 f6 13. 0-0 h5 14. Nxf6+ Qxf6 15. e4 e5 16. d5 cxd5 17. Nxd5 Qc6 18. Bg5 Bg7 19. Ne7 Qe6 20. Nd5 Ra7 21. Be3 Rb7 22. Bb6 Kf7 23. Nc7 Qxb6 24. Qd5+ Be6 25. Nxe6 Qxe6 26. Qxe6+ Kxe6 27. Rad1 a5 28. Rd5 Nc6 29. Rfd1 Bf8 30. g3 g5 31. h4 gxh4 32. f4 hxg3 33. f5+ Kf6 34. Rf1 Nb4 35. Rd2 h4 36. Rg2 Rg8 37. Kh1 h3 38. Rxg3 Rxg3 39. Rg1 Rxg1+ 40. Kxg1 a4 41. bxa4 bxa4 42. Kh2 a3 43. Kxh3 a2 44. Kg2 a1Q 45. Kf2 Qd4+ 46. Ke2 Nc6 47. Kf3 Bh6 48. Ke2 Qe3+ 49. Kf1 Qd2 50. Kg1 Rb1# 0-1